Voyages en Egypte des années 1611 et 1612 : Georges Sandys, William Lithgow /

محفوظ في:

المؤلف الرئيسي: Volkoff, Oleg V. (مؤلف)

مؤلفون آخرون: Lithgow, William, 1582-1645?, Sandys, George,‏ 1578-1644.

التنسيق: كتاب

اللغة: French
English

منشور في: [Le Caire : Institut français d'archéologie orientale, 1973]

سلاسل: Collection des voyageurs occidentaux en Egypte ; 7.

الموضوعات:

الوسوم: إضافة وسم

لا توجد وسوم, كن أول من يضع وسما على هذه التسجيلة!

رقم الطلب: DT57 .C15 v.7

LEADER 02345nam a2200421 4500
001 3427
003 OSt
005 20240222092048.0
008 130303s1973 ua a g b 000 0 fre d
952 |0 0  |1 0  |2 lcc  |3 V.7  |4 0  |6 DT0057 C15 V.00007  |7 1  |9 3708  |a ARCE  |b ARCE  |d 2024-02-22  |l 0  |o DT57 .C15 v.7  |p 1027885  |r 2020-07-08 00:00:00  |w 2020-07-08  |y BK 
999 |c 6533  |d 6533 
010 |a 73960369 
040 |c ARCE Library 
041 1 |a fre  |h eng 
043 |a f-ua--- 
050 0 4 |a DT57   |b .C15 v.7 
100 1 |a Volkoff, Oleg V.,  |e author 
245 1 0 |a Voyages en Egypte des années 1611 et 1612 :  |b Georges Sandys, William Lithgow /  |c Traduit, présenté et annoté par Oleg V. Volkoff. 
264 1 |a [Le Caire :  |b Institut français d'archéologie orientale,  |c 1973] 
300 |a 357 pages :  |b illustrations ;  |c 20 cm. 
336 |a text  |b txt  |2 rdacontent 
337 |a unmediated  |b n  |2 rdamedia 
338 |a volume  |b nc  |2 rdacarrier 
490 1 |a Collection des voyageurs occidentaux en Egypte ;  |v 7. 
500 |a Translation of book 2 of Sandys' A relation of a journey begun an : Dom: 1610, and of Lithgow's The totall discourse of the rare aduentures, and painefull peregrinations of long nineteene yeares trauayles, from Scotland, to the most famous kingdomes in Europe, Asia, and Affrica. 
504 |a Includes bibliographical references. 
651 0 |a Egypt  |x Description and travel. 
700 1 2 |a Lithgow, William,  |d 1582-1645?  |t Totall discourse of the rare adventures, and painefull peregrinations of long nineteene yeares travayles, from Scotland to the most famous kingdomes in Europe, Asia, and Affrica.  |l French.  |f 1973.  |9 34826 
700 1 2 |a Sandys, George,‏  |d 1578-1644.  |t Relation of a journey begun an : Dom : 1610. Book 2.  |l French.  |f 1973.  |9 39179 
740 0 2 |a Relation of a journey begun an : Dom : 1610. Book 2. 
740 0 2 |a Totall discourse of the rare adventures, and painefull peregrinations of long nineteene yeares travayles, from Scotland to the most famous kingdomes in Europe, Asia, and Affrica. 
830 0 |a Collection des voyageurs occidentaux en Egypte ;  |v 7. 
901 |a reviewed 
907 |a .b24247157  |b 02-04-08  |c 01-30-08 
942 |c BK  |2 lcc 
945 |a DT51 .V64 1973  |g 1  |i mq224321  |l 1arce  |o z  |p $0.00  |q    |r    |s w  |t 0  |u 0  |v 0  |w 0  |x 0  |y .i31322682  |z 02-04-08 
949 |a DT51 .V64 1973  |c arcesim 
998 |b 01-30-08  |c m  |d -  |i 1